| 000 | 01054nam a2200277 i 4500 | ||
|---|---|---|---|
| 003 | DO-SdBNP | ||
| 005 | 20230721134723.0 | ||
| 007 | ta | ||
| 008 | 230721b2017 dr ||||| |||| 00| 0 spa d | ||
| 040 |
_aDO-SdBNP _bspa _cBNPHU _erda |
||
| 082 | 4 |
_a342.729302 _bR426c, 2017 _222 |
|
| 110 | 1 |
_aRepública Dominicana. _9447 |
|
| 240 | 1 | 0 | _aConstitución (2015) |
| 245 | 1 | 0 |
_aConstitución de la República Dominicana : _bproclamada el 13 de junio de 2015 |
| 264 |
_aSanto Domingo : _bEl Tribunal Constitucional de la República Dominicana, _c2017. |
||
| 300 |
_a2 volumenes ; _c24 cm. |
||
| 336 |
_2rdacontent _atexto _btxt |
||
| 337 |
_2rdamedia _asin mediación _bn |
||
| 338 |
_2rdacarrier _avolumen _bnc |
||
| 500 | _aEdición sistema braille, por el Centro Nacional de Recursos Educativos para la Discapacidad Visual. Olga Estrella | ||
| 590 | _aInventariado, 2023/BT | ||
| 651 | 4 |
_aRepública Dominicana _xConstitución (2010{Rpara} _935654 |
|
| 651 | 4 |
_aRepública Dominicana _zDerecho Constitucional _9449 |
|
| 910 | _aBtavárez | ||
| 942 |
_2ddc _cLBS1 |
||
| 999 |
_c54235 _d54235 |
||